Online Catalogue and eLibrary

Kavi kanthura (Record no. 5790)

MARC details
000 -LEADER
fixed length control field 00389nam a2200169Ia 4500
005 - DATE AND TIME OF LATEST TRANSACTION
control field 20250428021915.0
008 - FIXED-LENGTH DATA ELEMENTS--GENERAL INFORMATION
fixed length control field 240331s9999 xx 000 0 und d
020 ## - INTERNATIONAL STANDARD BOOK NUMBER
ISBN 9789556712544
082 ## - DDC Classification
Class No. 891
Item Number - Author Mark KAV
100 ## - MAIN ENTRY--PERSONAL NAME
Personal name Rajakarunanayake,S
245 #0 - TITLE STATEMENT
Title Kavi kanthura
250 ## - EDITION STATEMENT
Edition statement 7th
260 ## - PUBLICATION, DISTRIBUTION, ETC.
Place of publication, distribution, etc. Colombo
Name of publisher, distributor, etc. Sarasavi Books
Date of publication, distribution, etc. 2013
300 ## - PHYSICAL DESCRIPTION
Extent (e.g. Volumes, Pages etc.) 336 p .,
650 ## - SUBJECT ADDED ENTRY--TOPICAL TERM
Topical term or geographic name entry element A Novel
942 ## - Koha item type (Biblio)
Koha item type Books in Stacks (Lending)
Holdings
Lost status Damaged status Collection code Home library Current library Shelving location Date acquired Full call number Accession Number Item type
    Lending WERC Library WERC Library Social Science Cupboard 03/31/2024 891.48 6783 Books in Stacks (Lending)

© WERC Library